000 00311nam a22001457a 4500
008 230515b ||||| |||| 00| 0 eng d
020 _a76156344
041 _aeng
080 _a781
082 _a781SCH
100 _a21
101 _aMUZIK
245 _aPLAYING THE HARPSICHORD
_cSCHOTT.H
942 _2udc
_cBK
999 _c59709
_d59709